| 000 | 00532nam a2200181 a 4500 | ||
|---|---|---|---|
| 005 | 20140311163016.0 | ||
| 008 | 070222s19uu xx 00 eng d | ||
| 020 | _a184448100 | ||
| 050 |
_aND 2420 _b.H318 2006 |
||
| 100 | _aHarrison, Terry | ||
| 245 |
_aWatercolour mountains, valleys & streams / _cTerry Harrison |
||
| 260 |
_aGreat Britain : _bSearch Press Limited, _c2006. |
||
| 300 |
_a64 p. : _bill. col. ; _c27 cm. |
||
| 521 | _aMA | ||
| 650 |
_aWatercolor printing _xTechnique. |
||
| 942 |
_cBK _2lcc _kFOR |
||
| 999 |
_c39430 _d39430 |
||